| 000 | 00344 a2200145 4500 | ||
|---|---|---|---|
| 001 | 155324 | ||
| 040 | _cEscola São Tomás de Aquino | ||
| 100 | _aGIOVANNI, José Ruy | ||
| 240 | 1 | 0 |
_aMatemática uma nova abordagem _lpor |
| 245 | 1 | 0 | _aMatemática uma nova abordagem |
| 300 | _a400 | ||
| 362 | 0 | _a2013 | |
| 697 | _aMATEMÁTICA | ||
| 942 | _cBK | ||
| 999 |
_c155324 _d155324 |
||